书目信息 |
| 书名: | A history of hip-hop | |
| 作者: | Thomas Hatch | |
| 分册号: | ||
| 分册名: | 出版地: | Bloomington |
|
| 出版社: | Red Brick Learning | |
| 出版时间: | 2006. | |
| 页数: | 48p | |
| 开本: | 22cm | |
| 丛书名: | ||
| 中图分类号: | ||
| 科图分类号: | ||
| 其他分类号: | J951 | |
| 主题词: | ||
| 电子资源: | ||
| 000 | 00405nam0 2200145 450 | |
| 001 | 202012001449 | |
| 005 | 20121109112841.0 | |
| 008 | 12110901s | |
| 020 | @a9780736857505@c$10.99 | |
| 099 | @dJ951@eT457 | |
| 245 | 10 | @aA history of hip-hop@bthe roots of rap @cThomas Hatch |
| 260 | 0 | @aBloomington@bRed Brick Learning@c2006. |
| 300 | @a48p@c22cm | |
| 905 | @b10735 | |
| 905 | @aTSG@dJ951@eT457 | |
| A history of hip-hop : the roots of rap / Thomas Hatch.-Bloomington : Red Brick Learning , 2006. |
| 48p ; 22cm |
| ISBN 9780736857505$10.99 |
| ● |
| 相关链接 |
|
|
|
正题名:A history of hip-hop
索取号:J951/T457
 
预约/预借
| 序号 | 登录号 | 条形码 | 馆藏地/架位号 | 状态 | 备注 |
| 1 | 10735 | 300107355 | 社科库309/309社科库 994排1列2层/ [索取号:J951/T457] | 在馆 |